03477nam a2200361 i 4500001000700000003000900007005001700016008004100033017001700074020003300091020002600124020002700150040001300177080003400190111004100224245013000265246003700395260003200432300004700464490003500511500011000546500006300656500001400719500002100733520196500754610004402719700004002763700002602803710005202829830002902881852010202910852010303012193455ES-MaACL20240928063101.0230629s2023 sp | |||| 100 0 spa  aM 14434-2023 a9788413527222qObra completa a9788413527208qVol. I a9788413527215qVol. II cES-MaACL a341.176(4-6 UE)(091)(062.552)2 aCongreso de Europad(1948.cLa Haya)13aEl Congreso de Europa (La Haya, 1948) :n bel nacimiento de la Unión Europea /cFrancisco Aldecoa y Eugenio Nasarre (eds.) aNacimiento de la Unión Europea aMadrid :bCatarata,c[2023] a2 volúmenes (445, 317 páginas);c24 cm0 aLa Europa a la que vamosv; 10 aPublicación de las Actas completas del Congreso celebrado en La Haya los días 7 al 11 de mayo de 1948 aEn cubierta: Movimiento Europeo, Consejo Federal Español aÍndice  aGuardado en caja aEn los días 7 al 11 de mayo de 1948 en la todavía devastada ciudad de La Haya se celebró el Congreso de Europa, en el que se pusieron los cimientos de la Unión Europa. Presidido por Winston Churchill y convocado por los Movimientos para la Unidad Europea, congregó a ochocientas personalidades del mundo político, económico, sindical, universitario, confesiones religiosas, intelectuales y representantes de diversos ámbitos de la vida social. El éxito del Congreso, promovido por la sociedad civil, y la fecundidad de sus debates lo han convertido en un hecho determinante para la historia de la integración europea. Sus "Resoluciones" constituyeron unas orientaciones fundamentales para trazar el camino que se emprendió hacia la construcción de la Europa Unida. Este libro publica por primera vez en español las Actas completas del Congreso, que se desarrolló en dos sesiones plenarias y en las tres comisiones en las que se dividieron sus trabajos: Comisión Política, Comisión Económica y Social y Comisión Cultural, presididas por los expresidentes de gobierno Paul Ramadier y Paul Van Zeeland, así como por el escritor español Salvador de Madariaga. Los debates son extraordinariamente vivos y en ellos se reflejan las distintas tendencias de la Europa democrática de la posguerra y sus visiones sobre el futuro del continente. Todos ellos estaban animados por un espíritu común: la necesidad imperiosa de la unión política de Europa al servicio de la paz y de la prosperidad del continente, bajo los valores superiores de la libertad, la democracia y la dignidad humana. Setenta y cinco años después de la celebración del Congreso de Europa, varios autores españoles complementan la edición de estas Actas con un análisis sobre el significado histórico del Congreso. La lectura de sus Actas resulta indispensable para una comprensión de las bases y fundamentos de la Unión Europea. 04aUnión Europea-vCongresos y asambleas1 aAldecoa Luzárraga, Franciscoepbl0 aNasarre, Eugenioepbl2 aMovimiento Europeo. bConsejo Federal Español aLa Europa a la que vamos aES-MaACLbR.154857cDEPOJhDonación: Editorial jN-9629xEncuadernación rústica con solapas aES-MaACLbR. 154857cDEPOJhDonación: Editorial jN-9630xEncuadernación rústica con solapas